000
00347pab a2200157 454500
008
180718b2008 xxu||||| |||| 00| 0 eng d
100
_a
Talimenla
245
_a
Ethnography of the AO NAGAS
260
_c
2008
300
_a
p.44-56.
362
_a
Mar
650
_a
Tribes
773
_a
Tribal Research Bulletin
908
_a
N
909
_a
80664
999
_c
80664
_d
80664